[Event "ROM-ch U08 Girls"]
[Site "Baile Felix"]
[Date "2017.02.08"]
[Round "8"]
[White "Lungu, Stefania"]
[Black "Cioara, Maria"]
[Result "0-1"]
[WhiteElo "1055"]
[BlackElo "1047"]
[PlyCount "42"]
[EventDate "2017.02.02"]
[EventType "swiss"]
[EventRounds "9"]
[EventCountry "ROU"]
[SourceTitle "CBM 176 Extra"]
[Source "ChessBase"]
[SourceDate "2017.03.02"]
[SourceVersion "1"]
[SourceVersionDate "2017.03.02"]
[SourceQuality "1"]

1. d4 d5 2. c4 dxc4 3. e3 Nf6 4. Bxc4 Nc6 5. Nc3 Bf5 6. Nf3 g6 7. 0-0 Bg7 8. Re1 0-0 9. e4 Bg4 10. Bg5 h6 11. Bh4 Qd7 12. Qc2 Bxf3 13. gxf3 Nxd4 14. Qd3 c5 15. Kg2 Nh5 16. e5 Nf4+ 17. Kg3 Nxd3 18. b3 Nxe1 19. Rxe1 Qf5 20. Bd5 e6 21. Be4 Qxe5+ 0-1